00539 2200193 4500001002100000005001500021035002000036245009000056100002200146250000600168300003100174700002100205260003800226082000800264084001400272020002200286600002000308990001700328INLIS00000000000175820241211011123 a0010-12240000081 aKomix Next G :bYuk, Sholat Isya ! /cYasmin Nailah,dkk; Penyunting, Wiwit Wijiastuti0 aYasmin Nailah,dkk a- a96 hlm. :bilus. ;c21 cm.0 aWiwit Wijiastuti aBandung :bMuffin Graphics,c2024 a813 a813 YAS k a978-623-150-065-6 4aFiksi Indonesia a05348/P/2024